En asociación con la naturaleza: la Unesco y el medio ambiente
Na minha lista:
| Autor principal: | |
|---|---|
| Formato: | Livro |
| Idioma: | espanhol |
| Publicado em: |
París
UNESCO
1974
|
| Colecção: | La Unesco y su programa
|
| Assuntos: | |
| Tags: |
Adicionar Tag
Sem tags, seja o primeiro a adicionar uma tag!
|
MARC
| LEADER | 00000nam a2200000 a 4500 | ||
|---|---|---|---|
| 001 | UCU2808 | ||
| 003 | CL-VaPUC | ||
| 008 | 960426e19740000FR |||||||||||||||||spa|d | ||
| 082 | 0 | 4 | |a 333.72 |b BEH |2 21 |
| 100 | 0 | |a Behrman, Daniel |e author |9 359343 | |
| 245 | 1 | 0 | |a En asociación con la naturaleza: la Unesco y el medio ambiente |
| 300 | |a 126 p | ||
| 942 | |c BK | ||
| 945 | |d 19960426 00:00:00 |a lriquelm | ||
| 260 | |a París |b UNESCO |c 1974 | ||
| 650 | 0 | |a Recursos naturales |9 255232 | |
| 650 | 0 | |a Medio ambiente físico |9 347938 | |
| 650 | 7 | |a CONSERVACION DE RECURSOS |2 CL-VaPUC |9 359344 | |
| 650 | 0 | |a Conservación de la naturaleza |9 262285 | |
| 650 | 7 | |a HOMBRE |2 CL-VaPUC |9 262149 | |
| 650 | 7 | |a BIOSFERA |2 CL-VaPUC |9 264378 | |
| 650 | 0 | |a Ecología |9 258124 | |
| 583 | |a last modification |c 19960426 00:00:00 |k Rodrigo Vera | ||
| 490 | 0 | |a La Unesco y su programa | |
| 999 | |c 247022 |d 247020 | ||
| 952 | |0 0 |1 0 |4 0 |6 333_720000000000000_BEH_1974 |7 0 |8 A |9 262537 |a BIBING |b BIBING |d 2019-11-19 |i 1646443 |o 333.72 BEH 1974 |p 1646443 |r 2025-01-20 |w 2019-11-19 |y BK |k GEO | ||